Search the Library Catalogue
| 000 -LEADER | |
|---|---|
| fixed length control field | 00786nam a2200229Ia 4500 |
| 008 - FIXED-LENGTH DATA ELEMENTS--GENERAL INFORMATION | |
| fixed length control field | 191130s2007##################000#0#eng## |
| 020 ## - INTERNATIONAL STANDARD BOOK NUMBER | |
| International Standard Book Number | 9780300135404 |
| 022 ## - INTERNATIONAL STANDARD SERIAL NUMBER | |
| International Standard Serial Number | 2006586263 |
| 040 ## - CATALOGING SOURCE | |
| Original cataloging agency | ACL |
| Transcribing agency | ACL |
| 082 ## - DEWEY DECIMAL CLASSIFICATION NUMBER | |
| Classification number | 720.92 HAR |
| 100 ## - MAIN ENTRY--PERSONAL NAME | |
| Personal name | Hart, Vaughan |
| 245 ## - TITLE STATEMENT | |
| Title | Nicholas Hawksmoor : rebuilding ancient wonders |
| Statement of responsibility, etc. | Vaughan Hart |
| 260 ## - PUBLICATION, DISTRIBUTION, ETC. | |
| Place of publication, distribution, etc. | New Haven |
| Name of publisher, distributor, etc. | Yale University Press |
| Date of publication, distribution, etc. | 2007 |
| 300 ## - PHYSICAL DESCRIPTION | |
| Extent | xii, 299 p. : ill. (some col.) ; 28 cm |
| 500 ## - GENERAL NOTE | |
| General note | Includes bibliographical references and index |
| 650 ## - SUBJECT ADDED ENTRY--TOPICAL TERM | |
| Topical term or geographic name entry element | Church architecture - England |
| Topical term or geographic name entry element | Commission for Building Fifty New Churches in London and Westminster (Great Britain) |
| Topical term or geographic name entry element | Hawksmoor, Nicholas, 1661-1736 |
| 990 ## - EQUIVALENCES OR CROSS-REFERENCES [LOCAL, CANADA] | |
| Link information for 9XX fields | 62bd386bac10000c7111a303dcefa98d |
| 991 ## - | |
| -- | 305684 |
| Withdrawn status | Lost status | Materials specified (bound volume or other part) | Damaged status | Not for loan | Home library | Current library | Shelving location | Date acquired | Total Checkouts | Full call number | Barcode | Date last seen | Price effective from | Koha item type |
|---|---|---|---|---|---|---|---|---|---|---|---|---|---|---|
| pbk | Anna Centenary Library | Anna Centenary Library | 6TH FLOOR, B WING | 09.10.2020 | 720.92 HAR | 124249 | 09.10.2020 | 09.10.2020 | English Books |